| 000 | 00860 a2200193 4500 | ||
|---|---|---|---|
| 020 | _a1853262382 (paperback) | ||
| 020 | _a9781853262388 (paperback) | ||
| 082 | 0 | 4 | _a823.8 |
| 090 |
_c4712 _d4712 |
||
| 100 | 1 | _aHardy, Thomas. | |
| 245 | 1 | 0 |
_aReturn of the native / _cThomas Hardy. |
| 260 |
_a[S.l.] : _bWordsworth Editions Ltd, _c1998. |
||
| 300 |
_a400 p. ; _c20 cm. |
||
| 490 | 1 | _aWordsworth classics. | |
| 520 | _aThe central figure of this novel is the returning "native", Clym Yeobright, and his love for the beautiful but capricious Eustacia Vye. As character after character is driven to self-destruction, the presence of Egdon Heath becomes all-embracing, while Clym becomes a preacher. | ||
| 830 | 0 | _aWordsworth classics. | |
| 856 | 4 | 0 |
_3Amazon.com _uhttp://www.amazon.com/exec/obidos/ASIN/1853262382/chopaconline-20 |
| 942 |
_aNBS _cBK _k823.8 HAR |
||
| 999 |
_c347145 _d347145 |
||